000 00516 a2200145 4500
082 _aBEE-5
100 _aArslan Ali
_992720
245 _aSolar powerd display board
_cArslan Ali
260 _aIslamabad
_bNUST School of Electrical Engineering and Computer Science
_c2012
300 _a49p.
_b:ill.
_c:27cm.+
_eCD-ROM
500 _aSupervisors: Mr. Abid mushtaq, Dr. Habil ur Rehman
700 _aMukhzan Mobeen Ali
_970053
856 _uhttp://10.250.8.41:8080/xmlui/handle/123456789/29337
942 _cPR
_kBEE-5 ARS
_2ddc
999 _c11252
_d11252